书目信息 |
| 题名: |
中国区域创新差异形成的时空因素研究
|
|
| 作者: | 张战仁 著 | |
| 分册: | ||
| 出版信息: | 北京 中国社会科学出版社 2013 |
|
| 页数: | 218页 | |
| 开本: | 24cm | |
| 丛书名: | ||
| 单 册: | ||
| 中图分类: | F124.3 , F127 | |
| 科图分类: | ||
| 主题词: | 技术革新--区域差异--研究--中国 , 技术革新 , 区域差异 | |
| 电子资源: | ||
| ISBN: | 978-7-5161-2780-3 | |
| 000 | 01250nam0 2200289 450 | |
| 001 | 523 | |
| 005 | 20140908161901.31 | |
| 010 | @a978-7-5161-2780-3@dCNY39.00 | |
| 100 | @a20140331d2013 kemy0chiy50 ea | |
| 101 | 0 | @achi |
| 102 | @aCN@b110000 | |
| 105 | @ab v 000yy | |
| 106 | @ar | |
| 200 | 1 | @a中国区域创新差异形成的时空因素研究@AZhong Guo Qu Yu Chuang Xin Cha Yi Xing Cheng De Shi Kong Yin Su Yan Jiu@e基于地理空间视角@EJi Yu Di Li Kong Jian Shi Jiao@f张战仁著@FZhang Zhan Ren Zhu |
| 210 | @a北京@c中国社会科学出版社@d2013 | |
| 215 | @a218页@c地图@d24cm | |
| 300 | @a浙江省哲学社会科学规划后期资助课题成果文库 | |
| 330 | @a本书基于对新经济地理学理论以及区域差异实证研究的系统介绍,在重构区域创新差异研究理论框架的基础上,首先对我国区域创新差异的空间表现,从地理集聚和空间集群两方面进行了重新解读;并通过提出创新空间报酬递增及创新多样性空间交互作用理念,重新审视了促成我国区际创新差异形成的地理空间要素。 | |
| 517 | 1 | @a基于地理空间视角@AJi Yu Di Li Kong Jian Shi Jiao |
| 606 | 0 | @a技术革新@x区域差异@x研究@y中国 |
| 606 | 0 | @a技术革新 |
| 606 | 0 | @a区域差异 |
| 690 | @aF124.3@v5 | |
| 690 | @aF127@v5 | |
| 701 | 0 | @a张战仁@AZhang Zhan Ren@f(1979~)@4著 |
| 801 | 0 | @aCN@bTANGWEI@c20140603 |
| 905 | @b0839956-58@dF124.3@e202@f3 | |
| 中国区域创新差异形成的时空因素研究:基于地理空间视角/张战仁著.-北京:中国社会科学出版社,2013 |
| 218页:地图;24cm |
| 浙江省哲学社会科学规划后期资助课题成果文库 |
| ISBN 978-7-5161-2780-3:CNY39.00 |
| 本书基于对新经济地理学理论以及区域差异实证研究的系统介绍,在重构区域创新差异研究理论框架的基础上,首先对我国区域创新差异的空间表现,从地理集聚和空间集群两方面进行了重新解读;并通过提出创新空间报酬递增及创新多样性空间交互作用理念,重新审视了促成我国区际创新差异形成的地理空间要素。 |
| ● |
| 相关链接 |
|
|
|
|
正题名:中国区域创新差异形成的时空因素研究
索取号:F124.3/202
 
预约/预借
| 序号 | 登录号 | 条形码 | 馆藏地/架位号 | 状态 | 备注 |
| 1 | 0839956 | 208399561 | 第一样本阅览室/ [索取号:F124.3/202] | 在馆 | |
| 2 | 0839957 | 208399570 | 密集书库-海洋学院/ [索取号:F124.3/202] | 在馆 | |
| 3 | 0839958 | 208399589 | 第一借阅区/ [索取号:F124.3/202] | 在馆 |